Normal view
MARC view
- Wolf, Thomas F
Entry Personal Name
001 - CONTROL NUMBER
- control field: 42794
003 - CONTROL NUMBER IDENTIFIER
- control field: NUST
005 - DATE AND TIME OF LATEST TRANSACTION
- control field: 20210314132425.0
008 - FIXED-LENGTH DATA ELEMENTS
- fixed length control field: 210314|| aca||aabn | a|a d
040 ## - CATALOGING SOURCE
- Original cataloging agency: NUST
- Transcribing agency: NUST
100 ## - HEADING--PERSONAL NAME
- Personal name: Wolf, Thomas F
670 ## - SOURCE DATA FOUND
- Source citation: Work cat.: (NUST): Wolf, Thomas F., Short courses in soil mechanics and foundation engineering /, 1990.
